000 00269nam a22001217a 4500
999 _c534334
_d534334
040 _cMSOHAIL
082 _a140
100 _aIsmat Aziz
_928475
245 _aCan the World be Changed.?
260 _aIslamabad
_bPan graphic
_cc2010
300 _a64;p
942 _2ddc
_cBK